<?xml version="1.0" encoding="UTF-8"?><?xml-stylesheet type="text/xsl" href="static/style.xsl"?><OAI-PMH xmlns="http://www.openarchives.org/OAI/2.0/" xmlns:xsi="http://www.w3.org/2001/XMLSchema-instance" xsi:schemaLocation="http://www.openarchives.org/OAI/2.0/ http://www.openarchives.org/OAI/2.0/OAI-PMH.xsd"><responseDate>2026-04-17T03:59:14Z</responseDate><request verb="GetRecord" identifier="oai:www.recercat.cat:2117/114085" metadataPrefix="marc">https://recercat.cat/oai/request</request><GetRecord><record><header><identifier>oai:recercat.cat:2117/114085</identifier><datestamp>2025-07-22T22:01:40Z</datestamp><setSpec>com_2072_1033</setSpec><setSpec>col_2072_452951</setSpec></header><metadata><record xmlns="http://www.loc.gov/MARC21/slim" xmlns:dcterms="http://purl.org/dc/terms/" xmlns:xsi="http://www.w3.org/2001/XMLSchema-instance" xmlns:doc="http://www.lyncode.com/xoai" xsi:schemaLocation="http://www.loc.gov/MARC21/slim http://www.loc.gov/standards/marcxml/schema/MARC21slim.xsd">
   <leader>00925njm 22002777a 4500</leader>
   <datafield ind2=" " ind1=" " tag="042">
      <subfield code="a">dc</subfield>
   </datafield>
   <datafield ind2=" " ind1=" " tag="720">
      <subfield code="a">Batlle De Balle Mercadé, Juan</subfield>
      <subfield code="e">author</subfield>
   </datafield>
   <datafield ind2=" " ind1=" " tag="260">
      <subfield code="c">2018-01-18</subfield>
   </datafield>
   <datafield ind2=" " ind1=" " tag="520">
      <subfield code="a">Este proyecto trata sobre la creación de una empresa a partir de una idea innovadora. Dicha&#xd;
empresa, llamada SET-TUP, tiene como objetivo plasmar la idea innovadora de los socios&#xd;
fundadores, la cual consiste en la fabricación de “Tuppers” modulables para satisfacer una&#xd;
necesidad existente en el mercado actual.&#xd;
Para ello, primeramente, se ha realizado un estudio del mercado de los “Tuppers” para&#xd;
alcanzar una visión general de cómo está el mercado actual, a continuación, se ha&#xd;
elaborado un estudio de la viabilidad tecnológica del producto, puesto que, si a priori el&#xd;
producto no se puede fabricar con la tecnología existente, no tendría sentido continuar con&#xd;
la creación de la empresa. Seguidamente, al verificarse que el producto es viable&#xd;
tecnológicamente, se ha llevado a cabo la realización del plan de negocio de la empresa&#xd;
para poder constituirla de la mejor manera posible. Además, se analizado qué estrategia&#xd;
debería tomar la empresa, en cuanto al plan operacional, la forma legal, los recursos&#xd;
necesarios…etc. Y finalmente se ha realizado el plan de financiación de la empresa y el&#xd;
análisis de viabilidad de la misma.&#xd;
Los resultados obtenidos de dicho proyecto han sido los siguientes:&#xd;
La empresa se podría introducir fácilmente en el mercado ya que existe suficiente&#xd;
demanda, además, es viable fabricar el producto con la tecnología actual y cabe añadir que&#xd;
dicho producto no ha sido fabricado previamente por nadie. Asimismo, se puede obtener la&#xd;
financiación necesaria para la constitución de la empresa y la fabricación del producto, y&#xd;
finalmente la empresa obtendría beneficios a largo plazo, por lo tanto, el proyecto es&#xd;
económicamente viable.</subfield>
   </datafield>
   <datafield tag="653" ind2=" " ind1=" ">
      <subfield code="a">Àrees temàtiques de la UPC::Economia i organització d'empreses</subfield>
   </datafield>
   <datafield tag="653" ind2=" " ind1=" ">
      <subfield code="a">New business enterprises</subfield>
   </datafield>
   <datafield tag="653" ind2=" " ind1=" ">
      <subfield code="a">Industrial management</subfield>
   </datafield>
   <datafield tag="653" ind2=" " ind1=" ">
      <subfield code="a">Empreses -- Creació</subfield>
   </datafield>
   <datafield tag="653" ind2=" " ind1=" ">
      <subfield code="a">Empreses -- Direcció i administració</subfield>
   </datafield>
   <datafield ind2="0" ind1="0" tag="245">
      <subfield code="a">Modelo de negocio para la creación de una empresa</subfield>
   </datafield>
</record></metadata></record></GetRecord></OAI-PMH>